Statistics for Clone Wars Characters by Number of Appearances

Click here to take the quiz!

General Stats

  • This quiz has been taken 207 times
  • The average score is 19 of 32

Answer Stats

AppearancesCharacter% Correct
98Anakin Skywalker
96%
83Obi-Wan Kenobi
96%
62Rex
94%
62Yoda
94%
61Ahsoka Tano
94%
52Dooku
91%
29Cody
89%
59Mace Windu
88%
46Sheev Palpatine
84%
15Asajj Ventress
82%
39Padmé Amidala
81%
24Grievous
77%
51R2-D2
76%
14Fives
74%
22C-3PO
72%
44Plo Koon
66%
28Kit Fisto
63%
12Cad Bane
59%
24Ki-Adi-Mundi
51%
14Jar Jar Binks
49%
16Luminara Unduli
46%
11Satine Kryze
40%
20Bail Organa
35%
10Aayla Secura
30%
21Wullf Yularen
29%
122Narrator
29%
14Wolffe
27%
18Shaak Ti
24%
16Adi Gallia
16%
17Onaconda Farr
8%
19Saesee Tiin
8%
16Mas Amedda
4%

Score Distribution

Percentile by Number Answered

Percent of People with Each Score

Your Score History

You have not taken this quiz